Vytváření čínského snu: Proměna čínské politické modernity a zahraniční politiky

Vyhlásenie hesla "čínsky sen" hlavou štátu Si Ťin-pching-om. Projekty, ktoré sú súčasťou čínskeho sna. Vývoj politiky čínskeho sna. Literatúra pragmatickej teórie sociálneno jednania. Hlavné politické projekty v histórii ČĽR: Mao a Teng a ich vnímanie modernity. Politika čínskeho sna a jej kreatívne...

Descrizione completa

Salvato in:
Dettagli Bibliografici
Autore principale: Karmazin, Aleš
Natura: Capitolo di libro
Lingua:ceco
Soggetti:
Tags: Aggiungi Tag
Nessun Tag, puoi essere il primo ad aggiungerne!!

MARC

LEADER 00000naa a2200000 4500
001 0240771
005 20180301100513.7
041 0 |a cze 
044 |a CZ 
245 1 0 |a Vytváření čínského snu: Proměna čínské politické modernity a zahraniční politiky  |c Aleš Karmazin 
520 |a Vyhlásenie hesla "čínsky sen" hlavou štátu Si Ťin-pching-om. Projekty, ktoré sú súčasťou čínskeho sna. Vývoj politiky čínskeho sna. Literatúra pragmatickej teórie sociálneno jednania. Hlavné politické projekty v histórii ČĽR: Mao a Teng a ich vnímanie modernity. Politika čínskeho sna a jej kreatívne vytváranie. Prax čínskeho sna - OBOR (One Belt One Road). Inovácie v čínskej zahraničnej politike. 
610 2 0 |a politika zahraničná 
610 2 0 |a vzťahy medzinárodné 
610 2 0 |a projekty 
610 2 0 |a spolupráca medzinárodná 
610 2 0 |a rast hospodársky 
610 2 0 |a Čína 
100 1 |a Karmazin, Aleš